01476cam a2200301 a 4500001000400000003001000004005001700014008004100031020001800072040002500090080002700115090002500142245032000167260003800487300002000525500005000545504002500595600005900620650003700679650004600716650002500762700004500787700005900832942001200891952012900903952012901032999001301161323BR-CuiBMT20231117134721.0231018s2008 mgb 010 0 por d a9788577001583 aBR-CuiBMTcBR-CuiBMT 22007a347.91/.95x(81) a347.91/.95(81)bT29100aTendências do moderno processo civil brasileiro :baspectos individuais e coletivos das tutelas preventivas e ressarcitórias : estudos em homenagem ao jurista Ronaldo Cunha Campos /cLúcio Delfino ... [et al.] (coordenadores) ; [autores: Adalberto Narciso Hommerding ... et al.] ; prefácio Donaldo Armelin.  aBelo Horizonte :bFórum,c2008. a594 p. ;c24 cm aInformações de autoria retiradas da capa. aInclui bibliografia.14aCampos, Ronaldo Cunha,d1930-1987xCarreira no direito aDireito processual civilzBrasil aProcesso civil xJurisprudênciazBrasil aJuristas brasileiros1 aDelfino, Lúcio,d1974-4et al.4coord.1 aHommerding, Adalberto Narciso,d1972-eet al.eautores 2udccLV 00102udc4070aBIBTCEMTbBIBTCEMTd2023-10-18l0o347.91/.95(81) T291pBIBTCEMT23100021r2023-10-18tEx. 1w2023-10-18yLV 00102udc4070aBIBTCEMTbBIBTCEMTd2023-10-18l0o347.91/.95(81) T291pBIBTCEMT23100022r2023-10-18tEx. 2w2023-10-18yLV c323d323